• 首页
  • 本馆介绍
  • 公告通知
  • 最新文献
  • 馆藏检索
  • 电子资源
  • 读者导购
  • 参考咨询
  • 我的图书馆
  • 登录
  • 详细信息显示
  • 放入我的书架
  • 预约/预借图书
  • 作者相关作品
  • 分类相关作品
  • 丛书相关作品
  • 出版社相关作品

书目信息

  • 表格格式
  • 工作单格式
  • 卡片格式
题名:
现代日语句型详解
    
 
作者: 王锐 , 王萌 , 卢成智 编著
分册:  
出版信息: 北京   世界图书出版公司北京公司  2017.03
页数: 626页
开本: 21cm
丛书名:
单 册:
中图分类: H364.3 , H364
科图分类:
主题词: 日语--ri yu--句型
电子资源:
ISBN: 978-7-5192-1481-4
000 00944nam0 2200289 450
001 231333342
005 20231127002217.74
010    @a978-7-5192-1481-4@dCNY55.00
100    @a20170331d2017 em y0chiy50 ea
101 0  @achi@ajpn
102    @aCN@b110000
105    @ay z 001yy
200 1  @a现代日语句型详解@Axian dai ri yu ju xing xiang jie@f王锐, 王萌, 卢成智编著
210    @a北京@c世界图书出版公司北京公司@d2017.03
215    @a626页@d21cm
312    @a书名原文: 日语惯用型详解
320    @a有索引
330    @a本书收录了约1000个日语句型, 注明了句型的接续方式、中文译文和语法意义, 并对部分词条附加了参照词条。
517 1  @a日语惯用型详解@Ari yu guan yong xing xiang jie
606 0  @a日语@Ari yu@x句型
690    @aH364.3@v5
690    @aH364@v4
701  0 @a王锐@Awang rui@4编著
701  0 @a王萌@Awang meng@4编著
701  0 @a卢成智@Alu cheng zhi@4编著
801  0 @aCN@b人天书店@c20170331
905    @aBZT@dH364@e1
    
    现代日语句型详解/王锐, 王萌, 卢成智编著.-北京:世界图书出版公司北京公司,2017.03
    626页;21cm
    
    
    ISBN 978-7-5192-1481-4:CNY55.00
    本书收录了约1000个日语句型, 注明了句型的接续方式、中文译文和语法意义, 并对部分词条附加了参照词条。
●
相关链接 在五车中查询图书 在当当中查询图书 在豆瓣中查询图书


正题名:现代日语句型详解     索取号:H364/1         预约/预借

序号 登录号 条形码 馆藏地/架位号 状态 备注
1 2001126839   2001126839   东辅楼二楼书库/ [索取号:H364/1] 在馆    
2 2001126840   2001126840   东辅楼二楼书库/ [索取号:H364/1] 在馆    
3 2001126841   2001126841   东辅楼二楼书库/ [索取号:H364/1] 在馆    
4 2001126842   2001126842   东辅楼二楼书库/ [索取号:H364/1] 在馆    
5 2001126843   2001126843   东辅楼二楼书库/ [索取号:H364/1] 在馆    
6 2001126844   2001126844   东辅楼二楼书库/ [索取号:H364/1] 在馆    
7 2001126845   2001126845   东辅楼二楼书库/ [索取号:H364/1] 在馆    
8 2001126846   2001126846   东辅楼二楼书库/ [索取号:H364/1] 在馆    
9 2001126847   2001126847   东辅楼二楼书库/ [索取号:H364/1] 在馆    
10 2001126848   2001126848   东辅楼二楼书库/ [索取号:H364/1] 在馆    
11 2001126849   2001126849   东辅楼二楼书库/ [索取号:H364/1] 在馆    
12 2001126850   2001126850   东辅楼二楼书库/ [索取号:H364/1] 在馆    
13 2001126851   2001126851   东辅楼二楼书库/ [索取号:H364/1] 在馆    
14 2001126852   2001126852   东辅楼二楼书库/ [索取号:H364/1] 在馆    
15 2001126853   2001126853   东辅楼二楼书库/ [索取号:H364/1] 在馆    
16 2001126854   2001126854   东辅楼二楼书库/ [索取号:H364/1] 在馆    
17 2001126855   2001126855   东辅楼二楼书库/ [索取号:H364/1] 在馆    
18 2001126856   2001126856   东辅楼二楼书库/ [索取号:H364/1] 在馆    
19 2001126857   2001126857   东辅楼二楼书库/ [索取号:H364/1] 在馆    
20 2001126858   2001126858   东辅楼二楼书库/ [索取号:H364/1] 在馆    
21 2001126859   2001126859   东辅楼二楼书库/ [索取号:H364/1] 在馆    
22 2001126860   2001126860   东辅楼二楼书库/ [索取号:H364/1] 在馆    
23 2001126861   2001126861   东辅楼二楼书库/ [索取号:H364/1] 在馆    
24 2001126862   2001126862   东辅楼二楼书库/ [索取号:H364/1] 在馆    
25 2001126863   2001126863   东辅楼二楼书库/ [索取号:H364/1] 在馆    
26 2001126864   2001126864   东辅楼二楼书库/ [索取号:H364/1] 在馆    
27 2001126865   2001126865   东辅楼二楼书库/ [索取号:H364/1] 在馆    
28 2001126866   2001126866   东辅楼二楼书库/ [索取号:H364/1] 在馆    
29 2001126867   2001126867   东辅楼二楼书库/ [索取号:H364/1] 在馆    
30 2001126868   2001126868   东辅楼二楼书库/ [索取号:H364/1] 在馆    
山东省滨州职业学院图书馆 欢迎您!
大连网信软件有限公司© 版权所有